01539nam a2200301 u 4500003000900000005001700009007000300026008004100029020001800070040002500088082002300113100003600136245005100172260006500223300002100288500005800309590003000367650002400397650002600421910004800447942001400495952014100509952014600650952014600796952013900942952013901081999001701220DO-SdBNP20220324104419.0ta100802s2019 dr r 000 0 spa d a9789945484298 aDO-SdBNPbspacBNPHU 4aRD863.5bR175e2221 943558aRamos, Bladimir, d1991-13aEl libro de los trastornos / cBladimir Ramos  aSanto Domingo :bGrupo Editorial Montaño,bBúho, c2019. a199 p. ;c24 cm. aIncluye datos biográficos del autor en las solapas. aInventariado, 2022 /LP  4aCuentos dominicanos 4aLiteratura dominicana aLopérez /Validado. Control de calidad MFF 2ddccLBS1 00102ddc53708PDaBNPHUbBNPHUcHDd2022-02-01eDepósito Legal l0oBNPHU PD RD863.5 R175ep2022-0432r2022-02-01w2022-02-01yLBS1 00102ddc53708PDaBNPHUbBNPHUcHDd2022-02-01eDepósito Legal l0oBNPHU PD RD863.5 R175ep2022-0433r2022-02-01te.2w2022-02-01yLBS1 00102ddc56708DSaBNPHUbBNPHUcHDd2022-02-01eDepósito Legal l0oBNPHU DS RD863.5 R175ep2022-0434r2022-02-01te.3w2022-02-01yLBS1 00102ddc56708DSaBNPHUbBNPHUcHDd2022-03-22eDonaciónl0oBNPHU DS RD863.5 R175ep2022-0946r2022-03-22te.4w2022-03-22yLBS1 00102ddc56708DSaBNPHUbBNPHUcHDd2022-03-22eDonaciónl0oBNPHU DS RD863.5 R175ep2022-0947r2022-03-22te.5w2022-03-22yLBS1 c51287d51287